Statistics for Countries Closest to Munich

Click here to take the quiz!

General Stats

  • This quiz has been taken 86 times
  • The average score is 10 of 10

Answer Stats

Distance (Kilometers (Miles))Country% Correct
60.6 (37.6)Austria
99%
262.8 (163.3)France
99%
124.2 (77.2)Italy
99%
162.2 (100.8)Switzerland
99%
383.8 (238.5)Poland
97%
160.9 (100)Czechia
96%
180.3 (112)Liechtenstein
96%
365 (226.8)Hungary
92%
241.3 (149.9)Slovenia
92%
327.5 (203.5)Croatia
83%

Score Distribution

Percentile by Number Answered

Percent of People with Each Score

Your Score History

You have not taken this quiz